Hunderassen erkennen: Gesellschafts- und Begleithunde Teil 2 - Statistiken

Allgemein
  • Dieses Quiz wurde 85 mal gespielt
  • Das Durchschnittsergebnis liegt bei 4 aus 11
Antwortstatistiken
Bildquiz Antwort % Korrekt
Mops
100%
Chihuahua
60%
Französische Bulldogge
57%
Pekingese
46%
Cavalier King Charles Spaniel
40%
Boston Terrier
39%
Kontinentaler Zwergspaniel
34%
King Charles Spaniel
19%
Kromfohrländer
19%
Japan-Chin
6%
Russkiy Toy
3%
Keine übereinstimmenden Quizze gefunden
Verteilung der Resultate
Anzahl Personen mit jedem Resultat
Perzentil nach korrekt beantworteten Fragen
Ihre Resultats-Entwicklung
Sie haben dieses Quiz noch nicht gespielt